Les Associacions : el cor de la ciutat / guió i textos: Antoni Camps, Pep Martínez, Àngel Merino ; coordinació i gestió: Antoni Camps el cor de la ciutat / guió i textos:
Descripción Física:
[8] p. : fot. col. ; 18 cm
Materias:
Associacionisme -- Exposicions
MARC
| LEADER | 00000nam a2200000Ia 4500 | ||
|---|---|---|---|
| 001 | 20889 | ||
| 008 | 160829s1999 xx 000 0 cat d | ||
| 080 | |a FU-22-39 | ||
| 100 | |a Camps, Antoni |9 47300 | ||
| 245 | |a Les Associacions : |b el cor de la ciutat / guió i textos: |b Antoni Camps, Pep Martínez, Àngel Merino ; coordinació i gestió: |b Antoni Camps | ||
| 260 | |a Barcelona : |b Diputació de Barcelona. Patronat Flor de Maig, |c 1999 | ||
| 300 | |a [8] p. : |b fot. col. ; |c 18 cm | ||
| 590 | |a Exposició itinerant. | ||
| 590 | |a Prové de G-222 | ||
| 650 | |a Associacionisme |x Exposicions |9 47301 | ||
| 700 | |a Martínez, Pep I |9 47302 | ||
| 700 | |a Merino, Àngel |9 1395 | ||
| 710 | |a Patronat Flor de Maig |9 4512 | ||
| 710 | 1 | |a Barcelona (Catalunya : Província). |b Diputació |9 52408 | |
| 901 | |a Arxiu | ||
| 942 | |n 1 | ||
| 952 | |0 0 |1 0 |4 0 |6 FU2239 |7 1 |9 53804 |a Arxiu |b Arxiu |d 2016-12-01 |l 0 |o FU-22-39 |p 20889 |r 2016-12-01 00:00:00 |w 2016-12-01 |y ARXIU | ||
| 999 | |c 57670 |d 57670 | ||